000 00667nam a2200229Ia 4500
005 20241216010057.0
008 180423s9999||||xx |||||||||||||| ||und||
020 _a958-20-0278-6
082 _a371.27
_bM79
100 _aMORENO SANTACOLOMA MARIA DEL CARMEN
245 0 _aINNOVACIONES PEDAGOGICAS
_bUNA PROPUESTA DE EVALUACION CRITICA
250 _a0
260 _aCOLOMBIA
_bMAGISTERIO
_c1997
300 _a118 pag.
_c21.5 cm
341 _h0
490 _v0
_a0
505 _aEVALUACION-INNOVACIONES PEDAGOGICAS/METODOLOGIA-BACHILLERATO
541 _aC
_bSAN CRISTOBAL S.A.
_d05-Jul-99
650 _aCIENCIAS SOCIALES
856 _zHumanidades
942 _cLIBRO
999 _c4901
_d4901